| 000 | 01365nam0a2200337 4500 | ||
|---|---|---|---|
| 001 | RU\NLR\bibl\1071548 | ||
| 005 | 20260405192436.0 | ||
| 010 |
_a5-87247-440-7 _91000 |
||
| 021 |
_aRU _b2007-12933 _9689 |
||
| 035 | _a(NLR Aleph) 001058778 | ||
| 090 |
_a925199 _c925199 |
||
| 100 | _a20070411d2006 |||y0rusy50 ca | ||
| 101 | 0 | _arus | |
| 102 | _aRU | ||
| 105 | _aa ||||||||| | ||
| 200 | 1 |
_aОСОАВИАХИМ. ДОСААФ. РОСТО _eтрадициям верны _fЮрий Агафонов |
|
| 210 |
_aКурган _cЗауралье _d2006 |
||
| 215 |
_a221 с., [8] л. цв. ил., портр. _cил., портр., цв. портр. _d27 |
||
| 300 | _aБиблиогр.: с. 219-220 | ||
| 517 | 0 | _aДОСААФ | |
| 517 | 0 | _aРОСТО | |
| 601 | 0 | 2 |
_aРоссийская оборонная спортивно-техническая организация _92192990 _3RU\NLR\auth\661318160 |
| 686 | _aЦ4,6(2)93 | ||
| 700 | 1 |
_4070 _7ca _8rus _aАгафонов _bЮ. П. _f1940- _gЮрий Петрович _967266 _3RU\NLR\auth\7784338 |
|
| 801 | 0 |
_aRU _bNLR _c20070411 _gRCR |
|
| 801 | 1 |
_aRU _bNLR _c20070411 |
|
| 830 | _aАвт. раскрыт по кн. | ||
| 942 | _cBOOK | ||
| 980 | _aNB | ||
| 980 | _aNBR | ||